000 00861nam a22002657a 4500
001 BR9405073
003 BR-BrBNA
005 20230928094105.0
007 ta
008 230509b bl.||||| |||| 00| 0 por d
040 _aBR-BrBNA
_bpor
_cBiblioteca Nacional de Agricultura
041 _a(Por)
072 _aF60
_b3290
090 _ 3290 BR9405073
100 1 _aGodoy, R.L. de O.
110 1 _aUniversidade Federal do Rio de Janeiro, Rio de Janeiro (Brasil). Inst. de Quimica
_0Tese (Doutor em Quimica)
_911129
245 1 _aMetodologia de analise de geolipideos aplicada a quimica de produtos naturais
260 3 _aRio de Janeiro, RJ (Brasil):
_c1992.
300 _a117 p.
500 _a7 tables; 12 graphs; 31 ref.; Summaries (Eng, Por)
650 _aCumaru
650 _aBioquimica Vegetal
909 _a202309
_bLucia
_c55
_dLucia Elande
942 _cBK
999 _c48808
_d48808